Jurisprudence béninoise : (Record no. 49567)
[ view plain ]
| 000 -LEADER | |
|---|---|
| fixed length control field | 00607nam a22001697a 4500 |
| 005 - DATE AND TIME OF LATEST TRANSACTION | |
| control field | 20160609170742.0 |
| 008 - FIXED-LENGTH DATA ELEMENTS--GENERAL INFORMATION | |
| fixed length control field | 110808t xxu||||| |||| 00| 0 eng d |
| 040 ## - SOURCE DU CATALOGAGE | |
| Original cataloging agency | BUAC |
| Language of cataloging | Fre |
| Transcribing agency | Buc |
| 041 ## - CODE DE LANGUE | |
| Language code of text/sound track or separate title | Fre |
| 100 ## - VEDETTE PRINCIPALE - NOM DE PERSONNE | |
| Personal name | Saïzonou-Bédié, Alexandrine F. |
| 9 (RLIN) | 18014 |
| 245 ## - TITLE STATEMENT | |
| Title | Jurisprudence béninoise : |
| Remainder of title | Recueil d'arrêts de la Cours suprême et des Cours d'appel de Cotonou, Abomey et Parakou |
| Statement of responsibility, etc | /Alexandrine F. Saïzonou-Bédié |
| 260 ## - PUBLICATION, DISTRIBUTION, ETC. (IMPRINT) | |
| Place of publication, distribution, etc | Cotonou |
| Name of publisher, distributor, etc | Ed. Nonagnon |
| Date of publication, distribution, etc | 2007 |
| 300 ## - PHYSICAL DESCRIPTION | |
| Extent | 125p. |
| Dimensions | 30 cm |
| 630 ## - SUBJECT ADDED ENTRY--UNIFORM TITLE | |
| Uniform title | SCIENCES SOCIALES |
| 9 (RLIN) | 18015 |
| 650 ## - SUBJECT ADDED ENTRY--TOPICAL TERM | |
| Topical term or geographic name as entry element | Droit pénal : arrêt : Bénin |
| 9 (RLIN) | 18016 |
| 942 ## - ADDED ENTRY ELEMENTS (KOHA) | |
| Koha item type | Livre |
| Withdrawn status | Lost status | Damaged status | Not for loan | Location (home branch) | Sublocation or collection (holding branch) | Date acquired | Source of acquisition | Koha issues (times borrowed) | Koha full call number | Piece designation (barcode) | Koha date last seen | Copy number | Price effective from | Koha item type |
|---|---|---|---|---|---|---|---|---|---|---|---|---|---|---|
| Bibliothèque Universitaire Centrale | Bibliothèque Universitaire Centrale | Achat | 347.951(668.2) SAI | 10-079Buc | 09/08/2011 | 1 | 09/08/2011 | Livre | ||||||
| Bibliothèque Universitaire Centrale | Bibliothèque Universitaire Centrale | Achat | 347.951(668.2) SAI | 10-080Buc | 09/08/2011 | 2 | 09/08/2011 | Livre |